আরব্য রজনীর গল্প / (Record no. 10367)
[ view plain ]
| 000 -LEADER | |
|---|---|
| fixed length control field | 00832nam a2200265 a 4500 |
| 001 - CONTROL NUMBER | |
| JCCL Control Number | 10367 |
| 003 - CONTROL NUMBER IDENTIFIER | |
| JCCL marc code | BD-JhCC |
| 005 - DATE AND TIME OF LATEST TRANSACTION | |
| control field | 20220825134022.0 |
| 008 - FIXED-LENGTH DATA ELEMENTS--GENERAL INFORMATION | |
| fixed length control field | 180425s20112015bg |||| |||| 000 0 ben d |
| 020 ## - INTERNATIONAL STANDARD BOOK NUMBER | |
| International Standard Book Number | 9841803194 |
| 035 ## - SYSTEM CONTROL NUMBER | |
| system control number | (BD-JhCC)10367 |
| 040 ## - CATALOGING SOURCE | |
| Original cataloging agency | BD-JhCC |
| Modifying agency | BD-JhCC |
| 041 ## - LANGUAGE CODE | |
| Language code of Book | ben |
| 082 ## - DEWEY DECIMAL CLASSIFICATION NUMBER | |
| Classification number | 398.22 |
| Author mark and Year | ARB 2015 |
| 245 ## - TITLE STATEMENT | |
| Title | আরব্য রজনীর গল্প / |
| Statement of responsibility, etc | রকিব হাসান অনুবাদক |
| 250 ## - EDITION STATEMENT | |
| Edition statement | ২য় সংস্করণ |
| 260 ## - PUBLICATION, DISTRIBUTION, ETC. (IMPRINT) | |
| Place of publication, distribution, etc | ঢাকা : |
| Name of publisher, distributor, etc | বিশ্ব সাহিত্য কেন্দ্র |
| Date of publication, distribution, etc | ২০১৫. |
| 300 ## - PHYSICAL DESCRIPTION | |
| Pagination | ৪ খন্ড : |
| Dimensions | ১৯ সেমি. |
| 650 ## - SUBJECT ADDED ENTRY--TOPICAL TERM | |
| Topical term or geographic name as entry element | Fairy tales |
| 650 ## - SUBJECT ADDED ENTRY--TOPICAL TERM | |
| Topical term or geographic name as entry element | Children's stories |
| 650 ## - SUBJECT ADDED ENTRY--TOPICAL TERM | |
| Topical term or geographic name as entry element | Folklore |
| 651 ## - SUBJECT ADDED ENTRY--GEOGRAPHIC NAME | |
| Geographic name | Arabs |
| 700 ## - ADDED ENTRY--PERSONAL NAME | |
| Personal name | হাসান, রকিব |
| 942 ## - ADDED ENTRY ELEMENTS (KOHA) | |
| Source of classification or shelving scheme | Dewey Decimal Classification |
| Koha item type | Books |
| Koha issues (borrowed), all copies | 185 |
| Source of classification or shelving scheme | volume number | Damaged status | Not for loan | Home library | Current library | Shelving location | Date of accession | Cost, normal purchase price | Total Checkouts | Full call number | Barcode | Date last seen | Date checked out | Copy number | Koha item type | Checked out | Total Renewals |
|---|---|---|---|---|---|---|---|---|---|---|---|---|---|---|---|---|---|
| Dewey Decimal Classification | V-1 | JCC Rouf Library | JCC Rouf Library | General Stacks | 04/24/2018 | 290.00 | 25 | 398.22 ARB 2015 | 13741 | 01/28/2026 | 01/21/2026 | C-1 | Books | ||||
| Dewey Decimal Classification | V-2 | JCC Rouf Library | JCC Rouf Library | General Stacks | 04/25/2018 | 280.00 | 24 | 398.22 ARB 2017 | 13743 | 01/14/2026 | 01/14/2026 | C-1 | Books | 02/08/2026 | |||
| Dewey Decimal Classification | V-2 | JCC Rouf Library | JCC Rouf Library | General Stacks | 04/25/2018 | 280.00 | 20 | 398.22 ARB 2017 | 13742 | 01/28/2026 | 01/21/2026 | C-2 | Books | ||||
| Dewey Decimal Classification | V-3 | JCC Rouf Library | JCC Rouf Library | General Stacks | 04/25/2018 | 320.00 | 26 | 398.22 ARB 2014 | 13745 | 02/05/2026 | 01/28/2026 | C-1 | Books | ||||
| Dewey Decimal Classification | V-3 | JCC Rouf Library | JCC Rouf Library | General Stacks | 04/25/2018 | 320.00 | 13 | 398.22 ARB 2014 | 13744 | 04/19/2020 | 04/11/2020 | C-2 | Books | ||||
| Dewey Decimal Classification | V-4 | JCC Rouf Library | JCC Rouf Library | General Stacks | 04/25/2018 | 300.00 | 29 | 398.22 ARB 2014 | 13747 | 02/05/2026 | 01/28/2026 | C-1 | Books | ||||
| Dewey Decimal Classification | V-4 | JCC Rouf Library | JCC Rouf Library | General Stacks | 04/25/2018 | 300.00 | 20 | 398.22 ARB 2014 | 13746 | 09/30/2024 | 09/29/2024 | C-2 | Books | ||||
| Dewey Decimal Classification | V-1 | JCC Rouf Library | JCC Rouf Library | General Stacks | 07/28/2018 | 290.00 | 24 | 398.22 ARB 2015 | 14196 | 05/27/2024 | 05/13/2024 | C-2 | Books |